Options and futures : (Record no. 3723)
[ view plain ]
| 000 -LEADER | |
|---|---|
| fixed length control field | 00777cam a2200193 a 4500 |
| 020 ## - INTERNATIONAL STANDARD BOOK NUMBER | |
| ISBN | 0314043535 (alk. paper) |
| 022 ## - INTERNATIONAL STANDARD SERIAL NUMBER | |
| ISSN | 9780314043535 |
| 050 00 - CALL NUMBER | |
| Classification number | HG6024.A3 |
| Item number | J64 |
| 100 1# - AUTHOR | |
| Personal name | Johnson, R. Stafford. |
| 245 10 - TITLE | |
| Title | Options and futures : |
| Remainder of title | concepts, strategies, and applications / |
| Statement of responsibility, etc | R. Stafford Johnson, Carmelo Giaccotto. |
| 260 ## - PUBLICATION INFORMATION | |
| Place of publication | Minneapolis/St. Paul : |
| Name of publisher | West Pub. Co., |
| Year of publication | c1995. |
| 300 ## - DESCRIPTION | |
| Number of Pages | 1 v. (various pagings) : |
| Other physical details | ill. ; |
| Dimensions | 26 cm. |
| 500 ## - NOTES | |
| General note | Includes index |
| 505 ## - FORMATTED CONTENTS NOTE | |
| Table of Content | I. Option strategies and markets 1<br/>II.Option pricing 101<br/>III. Non-stock options 271<br/>IV. Futures 355<br/>V. Futures options, swaps and other derivative securities 479<br/> |
| 650 #0 - SUBJECTS | |
| Topical Term | Options (Finance) |
| 650 #0 - SUBJECTS | |
| Topical Term | Futures. |
| 700 1# - OTHER AUTHORS | |
| Personal name | Giaccotto, Carmelo. |
| 942 ## - ADDED ENTRY ELEMENTS (KOHA) | |
| Koha item type | Books |
| Withdrawn status | Lost status | Collection code | Home library | Current library | Shelving location | Date acquired | Full call number | Accession Number | Koha item type |
|---|---|---|---|---|---|---|---|---|---|
| Reference | Methodist University Library Main | Methodist University Library Main | General Stacks | 17/05/2014 | HG6024.A3 J64 | 39433 | Books |